Библиотечный фонд: учебник для библиотечных факультетов институтов культуры, университетов и педагогических вузов

Dettagli Bibliografici
Autore principale: Столяров Ю. Н. Юрий Николаевич
Lingua:russo
Pubblicazione: Москва, Книжная палата, 1991
Soggetti:
Natura: MixedMaterials Libro
KOHA link:https://koha.lib.tpu.ru/cgi-bin/koha/opac-detail.pl?biblionumber=71399

MARC

LEADER 00000nam0a2200000 4500
001 71399
005 20231031082559.0
010 |a 5700002388 
035 |a (RuTPU)RU\TPU\book\76021 
090 |a 71399 
100 |a 20041216d1991 m y0rusy50 ca 
101 0 |a rus 
102 |a RU 
105 |a a j 001zy 
200 1 |a Библиотечный фонд  |e учебник для библиотечных факультетов институтов культуры, университетов и педагогических вузов  |f Ю. Н. Столяров 
210 |a Москва  |c Книжная палата  |d 1991 
215 |a 270, [1] с.  |c ил. 
320 |a Библиогр.: с. 248-250 
320 |a Именной указатель с251-252 
320 |a Предметный указатель с.253-257 
610 1 |a библиотечные фонды 
610 1 |a учебники 
686 |a Ч736.1я73  |v LBC/SL-A  |2 rubbk 
700 1 |a Столяров  |b Ю. Н.  |g Юрий Николаевич  |4 070 
801 1 |a RU  |b 63413507  |c 20041216  |g PSBO 
801 2 |a RU  |b 63413507  |c 20221130  |g PSBO 
942 |c BK